| 000 | 01332cam a2200349 a 4500 | ||
|---|---|---|---|
| 001 | 32282 | ||
| 003 | BD-RjUL | ||
| 005 | 20211209051819.0 | ||
| 008 | 140424s1984 onc b 001 0 eng d | ||
| 020 | _a0802056296 | ||
| 035 | _a(BD-RjUL)32371 | ||
| 040 |
_aDLC _cDLC _dDLC _dOCoLC _dDLC _dBD-RjUL _beng |
||
| 041 | _aeng | ||
| 082 | 0 | 0 |
_a192 _219 _bMIE 1984 |
| 100 | 1 |
_aMill, John Stuart, _d1806-1873. _998200 |
|
| 245 | 1 | 0 |
_aEssays on equality, law, and education / _cby John Stuart Mill ; editor of the text, John M. Robson ; introduction by Stefan Collini. |
| 260 |
_aToronto ; _aBuffalo : _bUniversity of Toronto Press ; _aLondon : _bRoutledge & K. Paul, _cc1984. |
||
| 300 |
_alxxxiii, 502 p. ; _c25 cm. |
||
| 490 | 0 |
_aCollected works of John Stuart Mill ; _vv. 21 |
|
| 500 | _aIncludes texts by Harriet Taylor Mill. | ||
| 504 | _a"Bibliographic index of persons and works cited, with variants and notes": p. 439-489 and index | ||
| 650 | 0 |
_aEquality. _998201 |
|
| 650 | 0 |
_aJurisprudence. _998202 |
|
| 650 | 0 |
_aUtilitarianism. _95661 |
|
| 650 | 0 |
_aEducation. _998203 |
|
| 700 | 1 |
_aMill, Harriet Hardy Taylor, _d1807-1858. _998204 |
|
| 700 | 1 |
_aRobson, John M. _998205 |
|
| 830 | 1 |
_aCollected works of John Stuart Mill _995800 |
|
| 942 |
_2ddc _cBK |
||
| 999 |
_c32282 _d32282 |
||